Етична проблематика в драматургії Едварда Олбі (Запис № 283933)
[ простий вигляд ]
| 000 -LEADER | |
|---|---|
| fixed length control field | 01182nam a22001577a 4500 |
| 041 ## - LANGUAGE CODE | |
| Language code of text/sound track or separate title | ukr |
| 080 ## - UNIVERSAL DECIMAL CLASSIFICATION NUMBER | |
| Universal Decimal Classification number | 09 |
| 090 ## - LOCALLY ASSIGNED LC-TYPE CALL NUMBER (OCLC); LOCAL CALL NUMBER (OCLC) | |
| Local cutter number (OCLC) ; Book number/undivided call number, CALL (RLIN) | КАЛ |
| 100 ## - MAIN ENTRY--PERSONAL NAME | |
| Personal name | Каленюк О.В. |
| 245 ## - TITLE STATEMENT | |
| Title | Етична проблематика в драматургії Едварда Олбі |
| 260 ## - PUBLICATION, DISTRIBUTION, ETC. (IMPRINT) | |
| Place of publication, distribution, etc | Острог |
| Name of publisher, distributor, etc | КАФ |
| Date of publication, distribution, etc | 2007 |
| 300 ## - PHYSICAL DESCRIPTION | |
| Extent | 70 |
| 520 ## - SUMMARY, ETC. | |
| Summary, etc | ВСТУП<br/>РОЗДІЛ 1 АБСУРДИЗМ ЯК ЛІТЕРАТУРНИЙ НАПРЯМ СЕРЕДИНИ 20 СТОЛІТТЯ<br/>1.1 Передумови виникнення та розвиток стилю абсурдизму в Європі.<br/>1.2 Особливості американського стилю абсурдизму.<br/>РОЗДІЛ 2 ЕДВАРД ОЛБІ ОСНОВОПОЛОЖНИК АМЕРИКАНСЬКОГО СТИЛЮ АБСУРДИЗМУ<br/>2.1 "Історія в зоопарку" перший твір абсурдизму.<br/>2.2 Структурний аналіз драми "Хто боїться Вірджинії Вульф?" <br/>2.3 "Все скінчено" мотиви пєси.<br/>ВИСНОВКИ |
| -- | Абсурдизм,Едвард Олбі,Вірджинія Вульф |
| 650 ## - SUBJECT ADDED ENTRY--TOPICAL TERM | |
| Topical term or geographic name as entry element | Research Papers |
| 942 ## - ADDED ENTRY ELEMENTS (KOHA) | |
| Koha item type | Книги |
| Withdrawn status | Lost status | Source of classification or shelving scheme | Damaged status | Not for loan | Home library | Current library | Date acquired | Source of acquisition | Cost, normal purchase price | Total Checkouts | Full call number | Barcode | Date last seen | Price effective from | Koha item type |
|---|---|---|---|---|---|---|---|---|---|---|---|---|---|---|---|
| Universal Decimal Classification | ВІЛ - Відділ іноземн. літератури НБ | ВІЛ - Відділ іноземн. літератури НБ | 16/04/2009 | Акт №1 | 1.00 | 09 | 213564 | 20/12/2021 | 16/04/2009 | Книги |